[Event "Tournoi Skype 009"]
[Site "Skype"]
[Date "????.??.??"]
[Round "6.5"]
[White "Plourde, Alain"]
[Black "Le Brun, Yves"]
[Result "1-0"]
[WhiteElo "1828"]
[BlackElo "1608"]
[PlyCount "107"]

1. d4 d5 2. c4 e6 3. Nc3 Nf6 4. Nf3 Bb4 5. a3 Bxc3+ 6. bxc3 dxc4 7. Qa4+ c6 8.
Qxc4 O-O 9. Bf4 Nbd7 10. e3 Ne4 11. Bd3 Nb6 12. Qb3 Nd6 13. O-O h6 14. c4 Ne8
15. Rfd1 Nd7 16. e4 b6 17. e5 Bb7 18. Qc2 g5 19. Bd2 Kh8 20. Be4 Qc7 21. Qd3
Ng7 22. Nxg5 f5 23. Qh3 h5 24. Nxe6 Nxe6 25. Qxh5+ Kg8 26. Bxf5 Rxf5 27. Qxf5
Ng7 28. Qg6 Nf8 29. Qd6 Qf7 30. Bb4 c5 31. dxc5 Qxc4 32. cxb6 Nfe6 33. bxa7 Rc8
34. Qd3 Qc6 35. Qg3 Qa6 36. Rac1 Rxc1 37. Rxc1 Qxa7 38. Qb3 Qa8 39. f3 Bd5 40.
Qe3 Nf5 41. Qc3 Kg7 42. Kh1 Qh8 43. Qc8 Ng3+ 44. Kg1 Ne2+ 45. Kh1 Ng3+ 46. Kg1
Ne2+ 47. Kf2 Nxc1 48. Qd7+ Kg6 49. Qxd5 Qc8 50. Qe4+ Kg7 51. Qg4+ Kf7 52. Qf5+
Ke8 53. Qg6+ Kd7 54. Qh7+ 1-0

[Event "Tournoi Skype 009"]
[Site "Skype"]
[Date "????.??.??"]
[Round "6.6"]
[White "Hervais, Adrien"]
[Black "Trivedi, Viral"]
[Result "1-0"]
[WhiteElo "2063"]
[BlackElo "1464"]
[PlyCount "24"]

1. e4 e5 2. Nc3 Nf6 3. f4 g6 4. fxe5 Nh5 5. Nf3 d6 6. Bc4 Bg4 7. O-O dxe5 8.
Bxf7+ Kxf7 9. Nxe5+ Ke8 10. Qxg4 Qd4+ 11. Kh1 Qxe5 12. Qc8+ Ke7 1-0

[Event "Tournoi Skype 009"]
[Site "Skype"]
[Date "????.??.??"]
[Round "6.8"]
[White "Murgia, Stefano"]
[Black "Meaney, Mike"]
[Result "1-0"]
[WhiteElo "1718"]
[BlackElo "1399"]
[PlyCount "52"]

1. e4 e6 2. d4 d5 3. Nc3 dxe4 4. Nxe4 Bd7 5. Nf3 h6 6. Be3 Bc6 7. Bd3 Nd7 8.
Qe2 a6 9. c4 Bb4+ 10. Nc3 Ngf6 11. d5 Ba4 12. O-O Bxc3 13. bxc3 e5 14. Nxe5
Nxe5 15. Bf4 O-O 16. Qxe5 Rc8 17. Rfe1 Re8 18. Qd4 c5 19. Rxe8+ Qxe8 20. Qe5
Nd7 21. Qf5 Nf6 22. Bxh6 Rd8 23. Bxg7 Qe6 24. Bxf6 Qxf5 25. Bxf5 Re8 26. Kf1
Bd7 1-0

[Event "Tournoi Skype 009"]
[Site "Skype"]
[Date "????.??.??"]
[Round "6.9"]
[White "De Coninck, Philippe"]
[Black "Harnandan, Sergio"]
[Result "0-1"]
[WhiteElo "1535"]
[BlackElo "1965"]
[PlyCount "50"]

1. e4 c5 2. Nf3 Nc6 3. d4 cxd4 4. Nxd4 Nf6 5. Nc3 e5 6. Nxc6 bxc6 7. Be2 Bb4 8.
Bd2 O-O 9. f3 d5 10. Na4 Bxd2+ 11. Qxd2 dxe4 12. fxe4 Qxd2+ 13. Kxd2 Nxe4+ 14.
Ke3 Bf5 15. Bd3 Rab8 16. a3 Nd6 17. Bxf5 Nxf5+ 18. Ke4 g6 19. Rad1 f6 20. Rd7
Rbd8 21. Rxa7 Rd4+ 22. Kf3 Rfd8 23. Nc3 Rf4+ 24. Ke2 Nd4+ 25. Kd1 Nb5+ 0-1

[Event "Tournoi Skype 009"]
[Site "Skype"]
[Date "????.??.??"]
[Round "6.10"]
[White "Peignien, Laurent"]
[Black "Malbec, Robert"]
[Result "1-0"]
[WhiteElo "1682"]
[BlackElo "1487"]
[PlyCount "106"]

1. e4 c6 2. d4 d5 3. Nc3 dxe4 4. Nxe4 Bf5 5. Ng3 Bg6 6. h4 h5 7. Be2 Nf6 8. Nh3
e6 9. Nf4 Bd6 10. Ngxh5 Nxh5 11. Nxh5 Bxh5 12. Bxh5 g6 13. Bg4 f5 14. Bg5 Qa5+
15. Bd2 Qd5 16. Bf3 Qxd4 17. Bc3 Qxd1+ 18. Rxd1 Bb4 19. Bxb4 Nd7 20. g3 O-O-O
21. Ke2 e5 22. Ke3 e4 23. Be2 Nf6 24. Be7 Rxd1 25. Rxd1 Nd5+ 26. Rxd5 cxd5 27.
Kd4 Kd7 28. Bf6 Rf8 29. Ke5 a6 30. Bg5 Re8+ 31. Kf6 Re6+ 32. Kf7 b5 33. Bf6 Rc6
34. c3 d4 35. Bxd4 Rd6 36. Be3 Rc6 37. Bd1 Rd6 38. Bb3 a5 39. Bd4 a4 40. Bc2
Kc6 41. Bd1 Kd5 42. Be2 Kc6 43. f3 exf3 44. Bxf3+ Kd7 45. Bb7 Kd8 46. b3 axb3
47. axb3 Rd7+ 48. Kxg6 Rxb7 49. h5 Ke8 50. h6 Re7 51. h7 Re6+ 52. Kxf5 Rh6 53.
h8=Q+ Rxh8 1-0

[Event "Tournoi Skype 009"]
[Site "Skype"]
[Date "????.??.??"]
[Round "6.11"]
[White "Bourdeau, Yvan"]
[Black "Antonic, Nenad"]
[Result "1/2-1/2"]
[WhiteElo "1662"]
[BlackElo "1466"]
[PlyCount "66"]

1. e4 e6 2. d4 d5 3. Nd2 c5 4. exd5 exd5 5. Ngf3 Nc6 6. Bb5 Qe7+ 7. Qe2 c4 8.
c3 Bd7 9. Qxe7+ Bxe7 10. Bxc6 Bxc6 11. Ne5 Nf6 12. O-O O-O 13. Ndf3 Be8 14. Re1
Ne4 15. Nxc4 Bf6 16. Ncd2 Nxd2 17. Bxd2 Bd7 18. Bg5 Bxg5 19. Nxg5 h6 20. Nf3 f6
21. Re7 Rf7 22. Rae1 Kf8 23. Rxf7+ Kxf7 24. Nd2 b6 25. f4 Re8 26. Rxe8 Bxe8 27.
Kf2 Ke6 28. Ke3 Bg6 29. c4 Bh7 30. cxd5+ Kxd5 31. g3 h5 32. Nf3 Be4 33. Nd2 Bh7
1/2-1/2

[Event "Tournoi Skype 009"]
[Site "Skype"]
[Date "????.??.??"]
[Round "6.12"]
[White "De Leener, Luc"]
[Black "Briere, Jean"]
[Result "1-0"]
[WhiteElo "1662"]
[BlackElo "1457"]
[PlyCount "81"]

1. e4 d5 2. exd5 Qxd5 3. Nc3 Qa5 4. d4 Nf6 5. Bd2 e6 6. Nf3 Bb4 7. Bd3 Nc6 8.
O-O O-O 9. Re1 Re8 10. a3 Bxc3 11. bxc3 Qd5 12. Ne5 Qd6 13. Bf4 Qe7 14. Qf3 Bd7
15. Bg5 Rf8 16. Bxf6 Nxe5 17. Bxe7 Nxf3+ 18. gxf3 Rfe8 19. Bg5 f6 20. Bf4 c6
21. Re3 g5 22. Bg3 f5 23. Re5 h6 24. f4 Kf7 25. fxg5 hxg5 26. f4 Rg8 27. fxg5
Rxg5 28. Kf2 Kg6 29. Bf4 Rg4 30. Rg1 Rxg1 31. Kxg1 Kf6 32. h4 Rg8+ 33. Bg5+ Kg6
34. Kf2 b5 35. Kg3 a6 36. Kf4 Rh8 37. Be2 Kf7 38. h5 Ke8 39. h6 Bc8 40. Bh5+
Kd7 41. Bg6 1-0

[Event "Tournoi Skype 009"]
[Site "Skype"]
[Date "????.??.??"]
[Round "6.13"]
[White "L'Herbon De Lussats, Jean"]
[Black "Megelas, Florent"]
[Result "0-1"]
[WhiteElo "1479"]
[BlackElo "1660"]
[PlyCount "148"]

1. c4 e6 2. e4 d5 3. e5 dxc4 4. Bxc4 Qd4 5. Qe2 Nc6 6. Nf3 Qb6 7. b3 Nd4 8. Qd3
Nxf3+ 9. Qxf3 Qd4 10. Qc3 Bc5 11. O-O Ne7 12. Na3 a6 13. Nc2 Qxc3 14. dxc3 O-O
15. Be3 Bxe3 16. Nxe3 b5 17. Bd3 Bb7 18. Rad1 Nc6 19. Ng4 h5 20. Ne3 Nxe5 21.
Rd2 Rfd8 22. Rfd1 Nxd3 23. Rxd3 Rxd3 24. Rxd3 Be4 25. Rd7 c5 26. b4 Rc8 27. a3
cxb4 28. axb4 Rxc3 29. h4 Rc1+ 30. Kh2 Rb1 31. Ra7 Rxb4 32. Rxa6 Rb2 33. Nd1
Rc2 34. Rb6 Bd3 35. Kg3 e5 36. Ne3 Rc5 37. Rd6 f5 38. Rxd3 f4+ 39. Kf3 fxe3 40.
Kxe3 b4 41. Rb3 Rc4 42. g3 e4 43. f3 exf3 44. Kxf3 Kf7 45. Ke3 Kf6 46. Kd3 Rg4
47. Kc2 Ke5 48. Rf3 g5 49. hxg5 Rxg5 50. Kb3 Rg4 51. Re3+ Kd4 52. Rf3 Ke4 53.
Rf6 Rxg3+ 54. Kxb4 h4 55. Kc4 h3 56. Rh6 Kf3 57. Kd4 Kg2 58. Ke4 h2 59. Kf4 Rh3
60. Rg6+ Kf1 61. Ra6 Kg2 62. Ra2+ Kg1 63. Ra1+ Kf2 64. Ra2+ Ke1 65. Ra1+ Ke2
66. Rh1 Kf2 67. Kg4 Kg2 68. Ra1 Rf3 69. Ra2+ Rf2 70. Ra3 h1=Q 71. Rg3+ Kf1 72.
Ra3 Qe4+ 73. Kg3 Qf4+ 74. Kh3 Rh2# 0-1

[Event "Tournoi Skype 009"]
[Site "Skype"]
[Date "????.??.??"]
[Round "6.15"]
[White "Duthoit, Bernard"]
[Black "Philibert, Andre"]
[Result "0-1"]
[WhiteElo "1602"]
[BlackElo "1243"]
[PlyCount "60"]

1. e4 e5 2. d4 exd4 3. c3 dxc3 4. Bc4 Bc5 5. Nf3 h6 6. O-O d6 7. Nxc3 Nc6 8. a3
Nf6 9. b4 Bd4 10. Nxd4 Bd7 11. Bb2 O-O 12. Nxc6 Bxc6 13. Qf3 Qd7 14. Rad1 Rad8
15. e5 Bxf3 16. exf6 Bxd1 17. Rxd1 g6 18. Nd5 Kh8 19. a4 Qxa4 20. Ra1 Qc2 21.
Bc3 Qe4 22. Bb3 Rfe8 23. Nxc7 Rf8 24. Bd5 Qd3 25. Rc1 Rc8 26. Be1 Rfe8 27. Bc4
Rxe1+ 28. Rxe1 Qxc4 29. Re8+ Rxe8 30. Nxe8 Qc1# 0-1

[Event "Tournoi Skype 009"]
[Site "Skype"]
[Date "????.??.??"]
[Round "6.16"]
[White "Dubois, Real"]
[Black "Chaignet, Lucas"]
[Result "0-1"]
[WhiteElo "1534"]
[BlackElo "1373"]
[PlyCount "53"]

1. e4 e5 2. Nf3 Nc6 3. c3 d5 4. exd5 Qxd5 5. d3 Bg4 6. Be2 O-O-O 7. O-O f5 8.
Bg5 Be7 9. Bxe7 Ngxe7 10. Ne1 Bxe2 11. Qxe2 g5 12. h3 h5 13. Na3 g4 14. h4 Ng6
15. g3 f4 16. c4 Qc5 17. Kh2 Nd4 18. Qe4 fxg3+ 19. fxg3 Ne7 20. Nac2 Nec6 21.
Ne3 Rhf8 22. Rxf8 Rxf8 23. Qg2 Nf3+ 24. Nxf3 Qxe3 25. Rf1 gxf3 26. Qf2 Qxd3 27.
Qc5 0-1

[Event "Tournoi Skype 009"]
[Site "Skype"]
[Date "????.??.??"]
[Round "6.17"]
[White "Engstrom, Olle"]
[Black "Vincent, Andre"]
[Result "1-0"]
[WhiteElo "1593"]
[BlackElo "1413"]
[PlyCount "71"]

1. e4 c5 2. Nf3 Nc6 3. d4 cxd4 4. Nxd4 d6 5. Nc3 Nf6 6. Bc4 g6 7. Nxc6 bxc6 8.
e5 Nh5 9. exd6 Qxd6 10. Qf3 Qe5+ 11. Be3 Bd7 12. Qxf7+ Kd8 13. O-O-O Nf6 14.
Rxd7+ Kxd7 15. Rd1+ Kc7 16. Kb1 Rd8 17. g3 Rxd1+ 18. Nxd1 Kb7 19. Bf4 Qd4 20.
Kc1 Ng4 21. Ne3 Nxf2 22. Qe8 Bg7 23. Qxe7+ Ka8 24. Qc7 Qxb2+ 25. Kd2 Ne4+ 26.
Ke2 Rb8 27. Qxc6+ Qb7 28. Qxe4 Qxe4 29. Bd5+ Qxd5 30. Nxd5 Re8+ 31. Kd3 Rd8 32.
c4 Kb7 33. Be3 a6 34. Kc2 Be5 35. Bg5 Bd6 36. Bxd8 1-0

[Event "Tournoi Skype 009"]
[Site "Skype"]
[Date "????.??.??"]
[Round "6.18"]
[White "Saidi, Bhen"]
[Black "Casey, Eamonn"]
[Result "0-1"]
[WhiteElo "1467"]
[BlackElo "1399"]
[PlyCount "92"]

1. e4 e6 2. d4 d5 3. e5 c5 4. Nf3 Nc6 5. c3 Nge7 6. Bg5 cxd4 7. cxd4 Qa5+ 8.
Bd2 Qb6 9. Qb3 Qxb3 10. axb3 a6 11. Bb5 Bd7 12. Bxc6 Bxc6 13. O-O Nf5 14. Nc3
Be7 15. Bg5 Bxg5 16. Nxg5 Nxd4 17. Ra3 h6 18. Nf3 Nxf3+ 19. gxf3 d4 20. Na4
Bxf3 21. b4 Be2 22. Re1 d3 23. Nc3 Bf3 24. Re3 Bc6 25. Rxd3 Ke7 26. b5 Bxb5 27.
Nxb5 axb5 28. Rxa8 Rxa8 29. Ra3 Rxa3 30. bxa3 Kd7 31. Kf1 Kc6 32. Ke2 Kc5 33.
Kd3 b4 34. a4 b3 35. Kc3 b2 36. Kxb2 Kb4 37. a5 Kxa5 38. Kb3 Kb5 39. f4 Kc5 40.
h4 g6 41. Kc3 b5 42. Kb3 b4 43. Kb2 Kc4 44. Ka2 Kc3 45. Kb1 Kb3 46. Kc1 Ka2 0-1

[Event "Tournoi Skype 009"]
[Site "Skype"]
[Date "????.??.??"]
[Round "6.21"]
[White "Capdeville, Jean"]
[Black "Gerbaux, Regis"]
[Result "0-1"]
[WhiteElo "1440"]
[BlackElo "1337"]
[PlyCount "72"]

1. e4 c5 2. c4 Nf6 3. Nc3 d6 4. d3 e6 5. Nf3 Be7 6. Be2 O-O 7. O-O a6 8. a4 Nc6
9. b3 Nb4 10. Ba3 Nc6 11. h3 h6 12. Bb2 d5 13. cxd5 exd5 14. Nxd5 Nxd5 15. exd5
Qxd5 16. Re1 Be6 17. Qc2 Qxb3 18. Qxb3 Bxb3 19. Bd1 Bf6 20. Bxf6 Bxd1 21. Raxd1
gxf6 22. Rc1 b6 23. Rb1 Rab8 24. Red1 Rfd8 25. Rb2 Rd7 26. Nh4 Kg7 27. Nf5+ Kg6
28. g4 Ne5 29. d4 cxd4 30. Rxd4 Nf3+ 31. Kg2 Nxd4 32. Nxd4 Rxd4 33. a5 b5 34.
f4 Rxf4 35. Rf2 Rxf2+ 36. Kxf2 Re8 0-1

[Event "Tournoi Skype 009"]
[Site "Skype"]
[Date "????.??.??"]
[Round "6.22"]
[White "Talbot, Jacques"]
[Black "Tamditi, Ibrahim"]
[Result "1-0"]
[WhiteElo "1412"]
[BlackElo "1225"]
[PlyCount "73"]

1. e4 d6 2. d4 Nf6 3. Nc3 Nc6 4. Nf3 e6 5. Bd3 Be7 6. O-O O-O 7. Bg5 Nd7 8.
Bxe7 Nxe7 9. e5 d5 10. Ng5 Ng6 11. Qh5 h6 12. Bxg6 fxg6 13. Qxg6 hxg5 14. Qxe6+
Kh8 15. Nxd5 Nb6 16. Qg6 Nxd5 17. Rfe1 Bf5 18. Qh5+ Kg8 19. c4 Nf4 20. Qf3 Qxd4
21. Rad1 Nd3 22. Re3 g4 23. Qxb7 Qxc4 24. b3 Qc2 25. Qd5+ Kh8 26. Rf1 Rad8 27.
Qa5 Ra8 28. e6 Bxe6 29. Qh5+ Kg8 30. Rxe6 Nxf2 31. Qd5 Kh8 32. Qh5+ Qh7 33. Qe5
Rae8 34. Rxe8 Rxe8 35. Qxe8+ Qg8 36. Qxg8+ Kxg8 37. Rxf2 1-0

[Event "Tournoi Skype 009"]
[Site "Skype"]
[Date "????.??.??"]
[Round "6.23"]
[White "Hague, Mark"]
[Black "Gharbi, Said"]
[Result "1-0"]
[WhiteElo "1389"]
[BlackElo "1406"]
[PlyCount "83"]

1. d4 e5 2. dxe5 Nc6 3. Nf3 Qe7 4. Nc3 Nxe5 5. Nxe5 Qxe5 6. a3 Bc5 7. e3 Nf6 8.
Be2 Bd6 9. Bf3 O-O 10. Qd3 Nh5 11. Bd2 Re8 12. O-O-O Bc5 13. g4 Nf6 14. h4 d6
15. Rdg1 h6 16. g5 Bf5 17. e4 Bxe4 18. Nxe4 Nxe4 19. Bxe4 Qxe4 20. gxh6 g6 21.
h5 Bxf2 22. Qxe4 Rxe4 23. h7+ Kh8 24. Bc3+ Bd4 25. Bxd4+ Rxd4 26. hxg6 Kg7 27.
gxf7+ Kxf7 28. h8=Q Rxh8 29. Rxh8 Ke7 30. Rh7+ Ke6 31. Re1+ Kd5 32. Rd1 Rxd1+
33. Kxd1 Kc6 34. Kd2 a5 35. c3 b5 36. b3 Kb6 37. Kd3 c5 38. c4 a4 39. bxa4 bxa4
40. Kc3 d5 41. Rh6+ Ka5 42. cxd5 1-0

[Event "Tournoi Skype 009"]
[Site "Skype"]
[Date "????.??.??"]
[Round "6.24"]
[White "Belouin, Alexis"]
[Black "Vervoort, Jean-Louis"]
[Result "1-0"]
[WhiteElo "1399"]
[BlackElo "1290"]
[PlyCount "75"]

1. d4 d5 2. e3 e6 3. Nf3 Nf6 4. Be2 Bb4+ 5. c3 Ba5 6. Qa4+ Nc6 7. Bb5 Bb6 8.
Ne5 O-O 9. c4 Nxe5 10. dxe5 Ne4 11. O-O c6 12. cxd5 Qxd5 13. Bc4 Qxe5 14. Rd1
Qf5 15. f3 Ng5 16. Bd3 Qf6 17. Qg4 e5 18. Qh4 g6 19. Kh1 Bf5 20. f4 Bxd3 21.
Qxg5 Qd8 22. Qxe5 Re8 23. Qc3 Bxe3 24. Rxd3 Bxc1 25. Rxd8 Raxd8 26. Qxc1 Re7
27. Nd2 Rde8 28. Nf3 h6 29. h4 f6 30. Qc3 Re3 31. Qxf6 Rf8 32. Qxg6+ Kh8 33.
Qxh6+ Kg8 34. Ng5 Rxf4 35. Qg6+ Kf8 36. Qd6+ Kg7 37. Qxf4 Kg6 38. Qxe3 1-0

[Event "Tournoi Skype 009"]
[Site "Skype"]
[Date "????.??.??"]
[Round "6.25"]
[White "Raheja, Shiv"]
[Black "Galani, Mahendra"]
[Result "0-1"]
[WhiteElo "1344"]
[BlackElo "1399"]
[PlyCount "58"]

1. c4 c5 2. e3 e5 3. Nf3 e4 4. Ne5 d6 5. Ng4 h5 6. Nc3 Bxg4 7. Qa4+ Bd7 8. Qc2
Bf5 9. Be2 Qd7 10. Nd5 Nc6 11. Qb3 Na5 12. Qc2 Ne7 13. Qc3 Nac6 14. O-O Nxd5
15. cxd5 Nb4 16. Bc4 Na6 17. Bb3 Nc7 18. Bc4 f6 19. d3 exd3 20. Bxd3 Nxd5 21.
e4 Nxc3 22. exf5 Nd5 23. Re1+ Ne7 24. Bf4 O-O-O 25. Rad1 Nxf5 26. h3 g5 27. g4
hxg4 28. hxg4 Nh4 29. Bg3 Nf3+ 0-1

[Event "Tournoi Skype 009"]
[Site "Skype"]
[Date "????.??.??"]
[Round "6.26"]
[White "Gabriele, Noel"]
[Black "Grasset, Xavier"]
[Result "1-0"]
[WhiteElo "1273"]
[BlackElo "1399"]
[PlyCount "127"]

1. e4 d5 2. e5 Nc6 3. d4 g6 4. h3 Nh6 5. Nf3 f6 6. exf6 exf6 7. Be2 g5 8. Nh2
Nf5 9. Bh5+ Kd7 10. c3 Ng7 11. Bg4+ f5 12. Bf3 Bd6 13. Qb3 Qe8+ 14. Be2 Qf7 15.
Bxg5 Be7 16. Bf4 Re8 17. O-O Bd6 18. Bxd6 Kxd6 19. Bf3 Na5 20. Qb4+ Kc6 21.
Qxa5 b6 22. Qb4 a5 23. Qb3 f4 24. c4 Be6 25. cxd5+ Bxd5 26. Rc1+ Kd6 27. Qa3+
c5 28. dxc5+ Kc6 29. cxb6+ Kb7 30. Bg4 Be6 31. Rc7+ Qxc7 32. bxc7 Kxc7 33. Bf3
Ra7 34. Nd2 Rd8 35. Rc1+ Kb6 36. Ne4 Rc7 37. Rb1 Rdc8 38. b3 Bf5 39. Re1 Ne6
40. b4 axb4 41. Qxb4+ Ka6 42. Be2+ Ka7 43. Qa5+ Kb8 44. Rb1+ Rb7 45. Re1 Bxe4
46. Qe5+ Rcc7 47. Qxe4 Rb6 48. Bf3 Ra7 49. Qe5+ Kc8 50. Qh8+ Nd8 51. Rc1+ Rc7
52. Rd1 Rd7 53. Bg4 Rbb7 54. Bxd7+ Kc7 55. Qe5+ Kb6 56. Rd6+ Ka7 57. Qa5+ Kb8
58. Qxd8+ Ka7 59. Bc6 f3 60. gxf3 h5 61. Qc8 Rg7+ 62. Kh1 Kb6 63. Ba4+ Ka7 64.
Ra6# 1-0

[Event "Tournoi Skype 009"]
[Site "Skype"]
[Date "????.??.??"]
[Round "6.27"]
[White "Dupere, Francois"]
[Black "Mordaa, Ahmad"]
[Result "0-1"]
[WhiteElo "1180"]
[BlackElo "1399"]
[PlyCount "52"]

1. e4 c5 2. Bc4 e6 3. Nf3 d5 4. Bb5+ Bd7 5. Bxd7+ Nxd7 6. exd5 exd5 7. O-O Qc7
8. Re1+ Be7 9. d3 Ngf6 10. Bd2 Ne4 11. dxe4 dxe4 12. Rxe4 Nf6 13. Re1 O-O 14.
Qc1 Rad8 15. Bg5 h6 16. Bxh6 gxh6 17. Qxh6 Nh7 18. h4 Rd6 19. Ng5 Rxh6 20. Nxh7
Rxh7 21. g3 Bxh4 22. gxh4 Rxh4 23. Kf1 Rh1+ 24. Ke2 Qe5+ 25. Kd2 Rd8+ 26. Kc1
Qxe1# 0-1

[Event "Tournoi Skype 009"]
[Site "Skype"]
[Date "????.??.??"]
[Round "6.29"]
[White "Lequeux, Pierre"]
[Black "Gagnon, Sindy"]
[Result "0-1"]
[WhiteElo "1399"]
[BlackElo "1029"]
[PlyCount "46"]

1. e3 e5 2. Nf3 Nf6 3. Nxe5 Bc5 4. Qe2 O-O 5. Qc4 Qe7 6. Nd3 Bb6 7. a3 a6 8.
Nc3 Ba7 9. Qxc7 Nc6 10. Qf4 b6 11. Qf3 Bb7 12. b4 Ne5 13. Qxb7 Rad8 14. Qxa7
Neg4 15. Qxb6 h5 16. Qxa6 d5 17. Be2 Rfe8 18. Bxg4 Nxg4 19. Bb2 Rd6 20. Qa4 Kf8
21. Nb5 Rf6 22. Bxf6 Qxf6 23. O-O-O Qa1# 0-1

[Event "Tournoi Skype 009"]
[Site "Skype"]
[Date "????.??.??"]
[Round "6.30"]
[White "Rondeau, Anne-Frederique"]
[Black "Martin, Elise"]
[Result "1-0"]
[WhiteElo "1044"]
[BlackElo "1260"]
[PlyCount "47"]

1. e4 e5 2. Nf3 Nc6 3. Bc4 Nf6 4. Nc3 Bc5 5. O-O a6 6. d3 d6 7. Be3 Bg4 8. h3
Bh5 9. Nd5 h6 10. c3 g5 11. g4 Bg6 12. d4 Ba7 13. dxe5 Nh7 14. exd6 Qxd6 15.
Bd4 Rg8 16. e5 Qd8 17. Nf6+ Nxf6 18. exf6 Nxd4 19. cxd4 Qxf6 20. Re1+ Kd8 21.
Rc1 h5 22. Ne5 hxg4 23. Qxg4 Rh8 24. Qd7# 1-0

[Event "Tournoi Skype 009"]
[Site "Skype"]
[Date "????.??.??"]
[Round "6.31"]
[White "Baker, Abi"]
[Black "Bucherie, Volcy"]
[Result "1-0"]
[WhiteElo "1000"]
[BlackElo "1210"]
[PlyCount "35"]

1. c4 c5 2. g3 b5 3. Bg2 Bb7 4. Bxb7 Nc6 5. d3 Qa5+ 6. Bd2 Qb6 7. Bxa8 bxc4 8.
dxc4 Qxb2 9. Bc3 Qb8 10. Bxc6 dxc6 11. Nf3 Nf6 12. Be5 Qb4+ 13. Nbd2 Ng4 14. a3
Nxe5 15. axb4 Nxf3+ 16. Nxf3 cxb4 17. Rxa7 e6 18. Qd7# 1-0

[Event "Tournoi Skype 009"]
[Site "Skype"]
[Date "????.??.??"]
[Round "6.32"]
[White "Coude, Josue"]
[Black "Rival, Jocelyn"]
[Result "0-1"]
[WhiteElo "1178"]
[BlackElo "1156"]
[PlyCount "42"]

1. e4 e5 2. Nf3 Nc6 3. Bb5 Nf6 4. Nc3 Bb4 5. O-O O-O 6. a3 Ba5 7. b4 Bb6 8. d3
Nd4 9. Bc4 d5 10. Nxd5 c6 11. Nxf6+ Qxf6 12. Bg5 Qd6 13. Qd2 h6 14. Rfd1 Bg4
15. h3 Bxf3 16. gxf3 Nxf3+ 17. Kf1 Nxd2+ 18. Bxd2 Qf6 19. f4 exf4 20. Ke2 Qd4
21. Rac1 Qf2# 0-1

[Event "Tournoi Skype 009"]
[Site "Skype"]
[Date "????.??.??"]
[Round "6.33"]
[White "Armingaud, Jean-Claude"]
[Black "Marty, Yvette"]
[Result "1-0"]
[WhiteElo "1246"]
[BlackElo "1000"]
[PlyCount "42"]

1. Nf3 Nc6 2. d4 Nf6 3. g3 d5 4. Bg2 e6 5. O-O h6 6. e3 Be7 7. c3 O-O 8. Nbd2
Bd6 9. a3 e5 10. c4 Ne7 11. dxe5 Nf5 12. exd6 Nxd6 13. cxd5 Nxd5 14. b4 Qf6 15.
Nb3 Nc3 16. Qc2 Nd5 17. Bb2 Qg6 18. Qc5 Nf6 19. Ne5 Qh5 20. Rad1 Bh3 21. Bf3
Bg2 1-0

[Event "Tournoi Skype 009"]
[Site "Skype"]
[Date "????.??.??"]
[Round "7.1"]
[White "Deville, Olivier"]
[Black "Lambert, Pierre"]
[Result "0-1"]
[WhiteElo "1931"]
[BlackElo "1862"]
[PlyCount "48"]

1. Nf3 Nf6 2. c4 e6 3. b3 d5 4. Bb2 c5 5. cxd5 exd5 6. d4 Nc6 7. dxc5 Bxc5 8.
e3 O-O 9. Be2 Re8 10. O-O h6 11. Qc2 Qe7 12. Bxf6 Qxf6 13. Nc3 Bf5 14. Qd2 Bb4
15. Nxd5 Qxa1 16. Rxa1 Bxd2 17. Nxd2 Rad8 18. Bf3 Ne5 19. Rd1 Nxf3+ 20. Nxf3
Be4 21. Nc3 Rxd1+ 22. Nxd1 Rc8 23. Kf1 Rc1 24. Ke2 Rc2+ 0-1

[Event "Tournoi Skype 009"]
[Site "Skype"]
[Date "????.??.??"]
[Round "7.2"]
[White "Ayotte, Jocelyn"]
[Black "Hilton, Stephen"]
[Result "1-0"]
[WhiteElo "2046"]
[BlackElo "1918"]
[PlyCount "73"]

1. d4 Nf6 2. Nf3 c5 3. c4 cxd4 4. Nxd4 a6 5. Nc3 e6 6. e4 Qc7 7. Be2 Bb4 8. f3
O-O 9. O-O Nc6 10. Nc2 Bxc3 11. bxc3 h6 12. Ba3 Re8 13. Bd6 Qa5 14. Qd2 Qg5 15.
Bf4 Qc5+ 16. Kh1 e5 17. Be3 Qe7 18. c5 Nd8 19. Nb4 Ne6 20. Nd5 Nxd5 21. exd5
Ng5 22. d6 Qf6 23. Bc4 Ne6 24. Rab1 Qh4 25. Bd5 Rb8 26. Bxe6 Rxe6 27. c6 Qc4
28. c7 Ra8 29. Rfd1 b5 30. Qd5 Qxd5 31. Rxd5 Bb7 32. Rd2 Rc8 33. a4 Bc6 34.
axb5 axb5 35. c4 bxc4 36. Rb8 Ree8 37. Rdb2 1-0

[Event "Tournoi Skype 009"]
[Site "Skype"]
[Date "????.??.??"]
[Round "7.3"]
[White "Plourde, Alain"]
[Black "Auger, Bertrand"]
[Result "0-1"]
[WhiteElo "1828"]
[BlackElo "1985"]
[PlyCount "69"]

1. d4 Nf6 2. c4 e6 3. Nf3 b6 4. g3 Bb7 5. Bg2 Be7 6. O-O O-O 7. Nc3 Ne4 8. Nxe4
Bxe4 9. Nd2 Bxg2 10. Kxg2 d5 11. Qc2 Nc6 12. Nf3 Nb4 13. Qb3 c5 14. a3 dxc4 15.
Qxc4 b5 16. Qxb5 Nc2 17. Rb1 Nxd4 18. Nxd4 cxd4 19. Rd1 Rc8 20. e3 Rc5 21. Qb7
d3 22. Qxa7 Qd5+ 23. Kg1 Bf6 24. Qa6 Rd8 25. b4 Rc2 26. Bd2 h5 27. Qa5 Qf3 28.
h3 Ra8 29. Qb5 Qe2 30. Be1 Rd8 31. Qa4 d2 32. Bxd2 Rcxd2 33. Rf1 h4 34. Qc6
hxg3 35. Rbe1 0-1

[Event "Tournoi Skype 009"]
[Site "Skype"]
[Date "????.??.??"]
[Round "7.4"]
[White "Murgia, Stefano"]
[Black "Hervais, Adrien"]
[Result "0-1"]
[WhiteElo "1718"]
[BlackElo "2063"]
[PlyCount "70"]

1. e4 e6 2. d4 d5 3. Nc3 Nf6 4. e5 Nfd7 5. f4 c5 6. Nf3 Nc6 7. Be3 cxd4 8. Nxd4
Bc5 9. Nxc6 bxc6 10. Bxc5 Nxc5 11. Qd4 Nd7 12. O-O-O O-O 13. g4 c5 14. Qd2 Qa5
15. Bd3 d4 16. Qg2 dxc3 17. Qxa8 Nb6 18. Qe4 cxb2+ 19. Kb1 g6 20. Qe1 Qa3 21.
Bb5 c4 22. Rd6 Nd5 23. Rxd5 exd5 24. f5 Bb7 25. Qh4 Qc5 26. Qh6 Rb8 27. e6 Qf8
28. exf7+ Qxf7 29. Rf1 a6 30. Qf4 Rf8 31. Ba4 Bc8 32. f6 Bd7 33. Bxd7 Qxd7 34.
Re1 Re8 35. Rxe8+ Qxe8 0-1

[Event "Tournoi Skype 009"]
[Site "Skype"]
[Date "????.??.??"]
[Round "7.5"]
[White "Megelas, Florent"]
[Black "Fouquereau, Andre"]
[Result "1-0"]
[WhiteElo "1660"]
[BlackElo "1496"]
[PlyCount "79"]

1. e4 e5 2. Nf3 d6 3. d4 Bg4 4. dxe5 Bxf3 5. Qxf3 dxe5 6. Bc4 Nf6 7. O-O Bd6 8.
Nc3 O-O 9. Qg3 g6 10. Bg5 Nbd7 11. f4 Be7 12. fxe5 Nh5 13. Bxe7 Nxg3 14. Rxf7
Rxf7 15. Bxd8 Rxd8 16. hxg3 Nxe5 17. Bb3 Kg7 18. Bxf7 Nxf7 19. Nb5 a6 20. Nxc7
Rc8 21. Ne6+ Kf6 22. Nd4 Rc4 23. Rf1+ Ke7 24. c3 Ne5 25. Rd1 Rc8 26. Nf3 Nc4
27. b3 Ne3 28. Rd3 Nc2 29. e5 Rc6 30. c4 Nb4 31. Rd2 a5 32. a3 Na6 33. Rd5 b6
34. Kf2 Nc7 35. Nd4 Rc5 36. Rxc5 bxc5 37. Ke3 cxd4+ 38. Kxd4 Na6 39. Kd5 a4 40.
bxa4 1-0

[Event "Tournoi Skype 009"]
[Site "Skype"]
[Date "????.??.??"]
[Round "7.6"]
[White "Harnandan, Sergio"]
[Black "Le Brun, Yves"]
[Result "1-0"]
[WhiteElo "1965"]
[BlackElo "1608"]
[PlyCount "63"]

1. e4 c5 2. f4 Nc6 3. Nf3 d6 4. Be2 Nf6 5. d3 e5 6. O-O Be7 7. fxe5 dxe5 8. c3
Be6 9. Ng5 Bd7 10. Bh5 g6 11. Be2 h6 12. Nf3 Be6 13. Na3 a6 14. Nc2 Qc7 15. a3
O-O-O 16. Nd2 h5 17. b4 cxb4 18. axb4 Qb6+ 19. Kh1 Ng4 20. Nf3 Nf2+ 21. Rxf2
Qxf2 22. Be3 Qxe3 23. Nxe3 f5 24. Qc2 f4 25. Nc4 Bxc4 26. dxc4 g5 27. b5 axb5
28. cxb5 Nb8 29. Nxe5 Rhe8 30. Qa4 Bc5 31. Nf7 Rd2 32. Bxh5 1-0

[Event "Tournoi Skype 009"]
[Site "Skype"]
[Date "????.??.??"]
[Round "7.7"]
[White "Sharma, Mayank"]
[Black "Jacquelin, Norbert"]
[Result "0-1"]
[WhiteElo "1633"]
[BlackElo "1816"]
[PlyCount "107"]

1. e4 e5 2. Nf3 Nf6 3. d3 Nc6 4. a3 Be7 5. Nc3 d5 6. exd5 Nxd5 7. Ne4 O-O 8.
Be2 f5 9. Ng3 Be6 10. h4 h6 11. h5 Bf6 12. Nf1 Nf4 13. Ne3 Nxe2 14. Qxe2 Nd4
15. Nxd4 exd4 16. Ng4 Bd5 17. Nxf6+ Qxf6 18. Kd1 Rae8 19. Qf1 f4 20. f3 Re5 21.
Bd2 Rfe8 22. Qg1 Re2 23. Qh2 Bxf3 24. Kc1 Bxg2 25. Rg1 f3 26. Qg3 Qe6 27. c3
Rxd2 28. Kxd2 Qe2+ 29. Kc1 dxc3 30. bxc3 Qxd3 31. Rxg2 Qxc3+ 32. Rc2 Qxa1+ 33.
Kd2 Rd8+ 34. Ke3 Qd1 35. Qxc7 Re8+ 36. Kf2 Qe1+ 37. Kxf3 Rf8+ 38. Kg2 Qe4+ 39.
Kh2 Qh4+ 40. Kg2 Qg4+ 41. Kh2 Qxh5+ 42. Kg2 Qg6+ 43. Kh2 Rf5 44. Rg2 Rh5+ 45.
Kg1 Qb1+ 46. Kf2 Rf5+ 47. Kg3 Qd3+ 48. Kh2 Rh5+ 49. Kg1 Qe3+ 50. Rf2 Qe1+ 51.
Kg2 Qh1+ 52. Kg3 Qh3+ 53. Kf4 Qf5+ 54. Ke3 0-1